000 00575nam a22001697a 4500
003 OSt
005 20241216091802.0
008 241023b |||||||| |||| 00| 0 eng d
040 _c0
082 _aDPer050 M72 January-March 2018 v. 66 no. 8-10
100 _aNicolas, Autelia T.
_eauthor.
_963390
245 _aOvercoming bullying problems in the classroom /
_cAutelia T. Nicolas.
260 _aPhilippines;
_bPublishers Association of the Philippines, Inc.,
_cSeptember 2018.
300 _aVolume 66, pages 137.
700 _aAutelia T. Nicolas
_929974
942 _2ddc
_cPER
999 _c22855
_d22855